[Event "Barcelona Vila de Gracia op 23rd"]
[Site "Barcelona"]
[Date "2019.12.13"]
[Round "8"]
[White "Espuny Vinye, Ramon"]
[Black "Munoz de la Orden, David"]
[Result "1-0"]
[WhiteElo "1925"]
[BlackElo "1924"]
[PlyCount "107"]
[EventDate "2019.10.11"]
[EventType "swiss"]
[EventRounds "9"]
[EventCountry "ESP"]
[SourceTitle "CBM 194 Extra"]
[Source "ChessBase"]
[SourceDate "2020.03.31"]
[SourceVersion "1"]
[SourceVersionDate "2020.03.31"]
[SourceQuality "1"]

1. c4 e5 2. Nc3 Nf6 3. Nf3 d6 4. g3 Be7 5. Bg2 0-0 6. 0-0 Nbd7 7. d4 c6 8. e4 Re8 9. d5 c5 10. a3 Rf8 11. Nh4 Ne8 12. Nf5 Nb6 13. Nxe7+ Qxe7 14. Qe2 Bd7 15. Be3 Nc8 16. b4 b6 17. f4 f6 18. f5 Qf7 19. g4 Ne7 20. h4 g6 21. Rf2 Kh8 22. Raf1 Rg8 23. Kh2 cxb4 24. axb4 Rc8 25. Bh3 Rc7 26. g5 gxf5 27. exf5 Bc8 28. Ne4 fxg5 29. hxg5 b5 30. f6 Ng6 31. Bxc8 Rxc8 32. Rc1 Rf8 33. Ng3 Qd7 34. Nf5 Nc7 35. Qd3 bxc4 36. Rxc4 Nb5 37. Rfc2 Rb8 38. Kg3 Rb7 39. Rc6 Rfb8 40. Bd2 Re8 41. Qe4 Rd8 42. Qf3 Qf7 43. Rc8 Rb8 44. Rxb8 Rxb8 45. Rc6 Rd8 46. Qd3 Qb7 47. Nh4 Nxh4 48. Kxh4 Nd4 49. Be3 Nxc6 50. dxc6 Qc7 51. Qd5 Re8 52. b5 Qd8 53. f7 Re7 54. c7 1-0

[Event "Barcelona Sant Marti op 7th"]
[Site "Barcelona"]
[Date "2018.03.01"]
[Round "8"]
[White "Marques Soriano, Valentin"]
[Black "Espuny Vinye, Ramon"]
[Result "0-1"]
[WhiteElo "1718"]
[BlackElo "1941"]
[PlyCount "68"]
[EventDate "2018.01.11"]
[EventType "swiss"]
[EventRounds "9"]
[EventCountry "ESP"]
[SourceTitle "EXT 2019"]
[Source "ChessBase"]
[SourceDate "2018.10.10"]
[SourceVersion "1"]
[SourceVersionDate "2018.10.10"]
[SourceQuality "1"]

1. e4 c5 2. Nc3 Nc6 3. Bb5 Nd4 4. Bc4 e6 5. Nf3 Ne7 6. Nxd4 cxd4 7. Ne2 Nc6 8. 0-0 a6 9. a3 b5 10. Bd3 Qb6 11. Ng3 Ne5 12. Be2 Bb7 13. d3 Rc8 14. Bd2 Be7 15. Rc1 0-0 16. f4 Nc4 17. dxc4 d3+ 18. Kh1 dxe2 19. Qxe2 Rxc4 20. b3 Rcc8 21. b4 d5 22. exd5 Bxd5 23. Be3 Qb7 24. Rfd1 Bf6 25. Bd4 Bxd4 26. Rxd4 Rc3 27. f5 exf5 28. Nxf5 Bc4 29. Qg4 g6 30. Rd7 Qb6 31. Nh6+ Kg7 32. Qf4 Qf6 33. Qd2 Be6 34. Rd4 Rxc2 0-1

[Event "Hospitalet de Llobregat Ponce 3rd"]
[Site "Hospitalet de Llobregat"]
[Date "2017.05.20"]
[Round "7"]
[White "Espuny Vinye, Ramon"]
[Black "Maqueda Berdugo, Francisco"]
[Result "0-1"]
[WhiteElo "1932"]
[BlackElo "1746"]
[PlyCount "86"]
[EventDate "2017.04.01"]
[EventType "swiss"]
[EventRounds "9"]
[EventCountry "ESP"]
[SourceTitle "EXT 2018"]
[Source "ChessBase"]
[SourceDate "2017.10.13"]
[SourceVersion "1"]
[SourceVersionDate "2017.10.13"]
[SourceQuality "1"]

1. f4 d5 2. b3 Nf6 3. Bb2 g6 4. Nf3 Bg7 5. e3 0-0 6. c4 c5 7. cxd5 Nxd5 8. Bxg7 Kxg7 9. Ne5 b6 10. g4 f6 11. Nc4 Bb7 12. Bg2 b5 13. Nca3 Nxe3 14. dxe3 Qxd1+ 15. Kxd1 Bxg2 16. Rg1 Bf3+ 17. Kc2 Be4+ 18. Kb2 Bc6 19. Nd2 Rd8 20. Rad1 Na6 21. Nc2 Rd7 22. h4 Rad8 23. Kc1 Rd3 24. g5 f5 25. Rgf1 Nb4 26. Nxb4 cxb4 27. Nb1 Rxd1+ 28. Rxd1 Rxd1+ 29. Kxd1 Bf3+ 30. Ke1 Kf7 31. Nd2 Bc6 32. Ke2 Ke6 33. Kd3 a5 34. Kd4 Kd6 35. Nf1 Be4 36. Nd2 Bc2 37. Nf1 Bb1 38. Nd2 Bxa2 39. e4 e6 40. Kd3 a4 41. e5+ Kd5 42. bxa4 bxa4 43. Nf1 Bc4+ 0-1

[Event "Hospitalet de Llobregat Ponce 3rd"]
[Site "Hospitalet de Llobregat"]
[Date "2017.05.13"]
[Round "6"]
[White "Flores Linan, Josep Luis"]
[Black "Espuny Vinye, Ramon"]
[Result "1/2-1/2"]
[WhiteElo "1823"]
[BlackElo "1932"]
[PlyCount "158"]
[EventDate "2017.04.01"]
[EventType "swiss"]
[EventRounds "9"]
[EventCountry "ESP"]
[SourceTitle "EXT 2018"]
[Source "ChessBase"]
[SourceDate "2017.10.13"]
[SourceVersion "1"]
[SourceVersionDate "2017.10.13"]
[SourceQuality "1"]

1. d4 e6 2. c4 b6 3. g3 Bb7 4. Nf3 Nf6 5. Bg2 Bb4+ 6. Nbd2 0-0 7. 0-0 a5 8. a3 Be7 9. Ne5 Bxg2 10. Kxg2 d6 11. Nef3 d5 12. Qc2 Nbd7 13. e4 Nxe4 14. Nxe4 dxe4 15. Qxe4 Nf6 16. Qc6 Qd7 17. Qxd7 Nxd7 18. Bf4 Bd6 19. Ne5 Nxe5 20. Bxe5 Rfd8 21. Rad1 Kf8 22. f4 Rd7 23. d5 Bxe5 24. fxe5 Rad8 25. Rf4 exd5 26. e6 Re7 27. Rxf7+ Rxf7 28. exf7 d4 29. b4 axb4 30. axb4 Kxf7 31. Kf3 c5 32. b5 Re8 33. Rd3 Re1 34. Ra3 Rc1 35. Ra7+ Kf6 36. Rb7 Rxc4 37. Rxb6+ Ke5 38. Rb7 Rc3+ 39. Ke2 c4 40. Rxg7 Rc2+ 41. Kf3 Rxh2 42. Rg5+ Kd6 43. Ke4 d3 44. Rd5+ Ke6 45. Re5+ Kf6 46. Rf5+ Ke6 47. Re5+ Kf6 48. Rf5+ Kg6 49. Rf1 Rc2 50. b6 d2 51. Rd1 c3 52. Kd3 Rb2 53. Kxc3 Rxb6 54. Kxd2 Kf5 55. Rh1 h6 56. Rh4 Re6 57. Kd3 Kg5 58. Ra4 h5 59. Kd2 Kf5 60. Rf4+ Kg5 61. Ra4 Re7 62. Rb4 Re5 63. Ra4 Kg6 64. Ra6+ Kf5 65. Ra4 Re6 66. Rh4 Kg5 67. Ra4 Re5 68. Ra6 Kf5 69. Ra4 Kg5 70. Rb4 Re7 71. Ra4 Re6 72. Rb4 Kh6 73. Ra4 Rg6 74. Ra3 Kg5 75. Ke2 Kg4 76. Kf2 Kh3 77. Rf3 Rb6 78. Rf5 Kg4 79. Rf4+ Kg5 1/2-1/2

[Event "Barcelona La Lira op 35th"]
[Site "Barcelona"]
[Date "2017.03.10"]
[Round "8"]
[White "Perolet Perez, Miquel"]
[Black "Espuny Vinye, Ramon"]
[Result "0-1"]
[WhiteElo "1678"]
[BlackElo "2000"]
[PlyCount "68"]
[EventDate "2017.01.20"]
[EventType "swiss"]
[EventRounds "8"]
[EventCountry "ESP"]
[SourceTitle "EXT 2018"]
[Source "ChessBase"]
[SourceDate "2017.10.13"]
[SourceVersion "1"]
[SourceVersionDate "2017.10.13"]
[SourceQuality "1"]

1. d4 f5 2. Nf3 Nf6 3. Bg5 Ne4 4. Bf4 d6 5. Nbd2 c6 6. c3 Nd7 7. Qb3 Nxd2 8. Bxd2 Nf6 9. Bg5 Ne4 10. Bf4 e6 11. h4 Be7 12. e3 Qb6 13. Qc2 Bd7 14. Bd3 Nf6 15. Bg5 0-0-0 16. e4 fxe4 17. Bxe4 h6 18. Bxf6 gxf6 19. Nd2 Rdg8 20. g3 f5 21. Bf3 e5 22. Nc4 Qc7 23. 0-0-0 e4 24. Be2 b5 25. Nd2 d5 26. a4 f4 27. axb5 cxb5 28. Qb3 Qb7 29. gxf4 Bd6 30. Bh5 Bxf4 31. Bf7 Rg2 32. Rhg1 Rxf2 33. Rgf1 Bxd2+ 34. Rxd2 Rxf1+ 0-1

[Event "Barcelona La Lira op 35th"]
[Site "Barcelona"]
[Date "2017.02.24"]
[Round "6"]
[White "Espuny Vinye, Ramon"]
[Black "Bieg Pagel, Clemens"]
[Result "0-1"]
[WhiteElo "2000"]
[BlackElo "1891"]
[PlyCount "132"]
[EventDate "2017.01.20"]
[EventType "swiss"]
[EventRounds "8"]
[EventCountry "ESP"]
[SourceTitle "EXT 2018"]
[Source "ChessBase"]
[SourceDate "2017.10.13"]
[SourceVersion "1"]
[SourceVersionDate "2017.10.13"]
[SourceQuality "1"]

1. c4 c5 2. Nc3 Nf6 3. g3 d5 4. cxd5 Nxd5 5. Bg2 Nc7 6. Nf3 Nc6 7. 0-0 e5 8. d3 Be7 9. Be3 0-0 10. Rc1 Na6 11. a3 Be6 12. Ne4 Qa5 13. Qd2 Qxd2 14. Nfxd2 Nd4 15. Nc3 Rab8 16. Bxd4 exd4 17. Nb5 Bd7 18. a4 Nb4 19. b3 a6 20. Na3 Rfc8 21. Nac4 b5 22. axb5 axb5 23. Ne5 Be6 24. Ra1 f6 25. Nef3 Bd5 26. Ra7 Nc6 27. Ra2 Ra8 28. Rfa1 Nb4 29. Ra7 Bf8 30. Nh4 Bxg2 31. Kxg2 Rxa7 32. Rxa7 Nc6 33. Rb7 b4 34. Nc4 Ra8 35. Nf3 Na5 36. Nxa5 Rxa5 37. Nd2 Ra2 38. Ne4 Rb2 39. Rc7 Rxb3 40. Nxc5 Rc3 41. Rb7 Bxc5 42. Kf3 Ra3 43. Ke4 Ra6 44. Rc7 Bd6 45. Rb7 Bc5 46. Rc7 Ra5 47. Rb7 Ra7 48. Rb5 Rc7 49. e3 dxe3 50. fxe3 Re7+ 51. Kd5 Bxe3 52. Rxb4 Kf7 53. g4 Bd2 54. Ra4 Rd7+ 55. Ke4 Bc3 56. h4 g6 57. d4 Ke6 58. Ra6+ Rd6 59. Ra7 Rxd4+ 60. Kf3 h6 61. Rg7 h5 62. g5 Kf5 63. Rc7 Rf4+ 64. Kg2 Be5 65. Rc5 fxg5 66. hxg5 Rg4+ 0-1

[Event "Barcelona La Lira op 35th"]
[Site "Barcelona"]
[Date "2017.02.03"]
[Round "3"]
[White "Espuny Vinye, Ramon"]
[Black "Barcelo Sola, David"]
[Result "0-1"]
[WhiteElo "2000"]
[BlackElo "2025"]
[PlyCount "66"]
[EventDate "2017.01.20"]
[EventType "swiss"]
[EventRounds "8"]
[EventCountry "ESP"]
[SourceTitle "EXT 2018"]
[Source "ChessBase"]
[SourceDate "2017.10.13"]
[SourceVersion "1"]
[SourceVersionDate "2017.10.13"]
[SourceQuality "1"]

1. c4 e5 2. Nc3 Nf6 3. Nf3 Nc6 4. e3 d5 5. cxd5 Nxd5 6. Bb5 Nxc3 7. bxc3 e4 8. Ne5 Qg5 9. Qa4 Bd6 10. Bxc6+ bxc6 11. Qxc6+ Ke7 12. Qxe4 Bf5 13. Nf3+ Bxe4 14. Nxg5 Bxg2 15. Rg1 Bc6 16. f4 h6 17. Nh3 g5 18. d3 Rab8 19. e4 Bd7 20. e5 Bxe5 21. fxe5 Bxh3 22. c4 Rhd8 23. Rg3 Bf5 24. Ke2 Ke6 25. Re3 Rd4 26. Ba3 Rbd8 27. Bc5 Bxd3+ 28. Kf2 Rxc4 29. Bxa7 Be4 30. Ra3 Kxe5 31. Ra5+ Rd5 32. Ra6 Rc2+ 33. Kg3 Rg2+ 0-1

[Event "Barcelona Vila Gracia op 10th"]
[Site "Barcelona"]
[Date "2016.11.25"]
[Round "9.6"]
[White "Espuny Vinye, Ramon"]
[Black "Exposito Amaro, Josue"]
[Result "0-1"]
[WhiteElo "1998"]
[BlackElo "2263"]
[PlyCount "70"]
[EventDate "2016.09.30"]
[EventType "swiss"]
[EventRounds "9"]
[EventCountry "ESP"]
[SourceTitle "EXT 2024"]
[Source "ChessBase"]
[SourceDate "2023.10.10"]
[SourceVersion "1"]
[SourceVersionDate "2023.10.10"]
[SourceQuality "1"]

1. c4 e6 2. Nc3 f5 3. g3 Nf6 4. Bg2 Be7 5. d4 0-0 6. d5 e5 7. e4 fxe4 8. Nxe4 Bb4+ 9. Bd2 Nxe4 10. Bxe4 Qf6 11. Nf3 Bxd2+ 12. Qxd2 Na6 13. b4 d6 14. Rb1 Bf5 15. Bxf5 Qxf5 16. Rb3 Qh3 17. Nh4 Rf6 18. f3 Raf8 19. Rf1 c6 20. dxc6 bxc6 21. Qg2 Qe6 22. Qe2 d5 23. c5 Nc7 24. Re3 d4 25. Rxe5 d3 26. Rxe6 dxe2 27. Rxe2 Nd5 28. a3 g5 29. Ng2 Rxf3 30. Ref2 Re8+ 31. Re2 Rxe2+ 32. Kxe2 Rxa3 33. Rf5 h6 34. Kf2 Ra2+ 35. Kg1 Rxg2+ 0-1

[Event "Cornella Pinol Memorial 4th"]
[Site "Cornella de Llobregat"]
[Date "2016.10.31"]
[Round "6"]
[White "Espuny Vinye, Ramon"]
[Black "Castrillo Mansego, Pablo"]
[Result "1-0"]
[WhiteElo "1998"]
[BlackElo "2020"]
[PlyCount "121"]
[EventDate "2016.09.26"]
[EventType "swiss"]
[EventRounds "9"]
[EventCountry "ESP"]
[SourceTitle "EXT 2018"]
[Source "ChessBase"]
[SourceDate "2017.10.13"]
[SourceVersion "1"]
[SourceVersionDate "2017.10.13"]
[SourceQuality "1"]

1. c4 Nf6 2. Nc3 c5 3. g3 Nc6 4. Bg2 g6 5. Nf3 Bg7 6. 0-0 0-0 7. d4 cxd4 8. Nxd4 Nxd4 9. Qxd4 d6 10. Bg5 h6 11. Bd2 Qc7 12. Rac1 Bd7 13. Qd3 Bc6 14. e4 Nd7 15. Nd5 Qd8 16. Bc3 Ne5 17. Qe2 e6 18. Ne3 Qc7 19. f4 Nd7 20. Bxg7 Kxg7 21. b4 b6 22. Qb2+ Kh7 23. Qd4 a5 24. b5 Bb7 25. Rfd1 Rfd8 26. Qxd6 Qc5 27. Qxc5 Nxc5 28. e5 Bxg2 29. Kxg2 g5 30. Rxd8 Rxd8 31. Rd1 Rxd1 32. Nxd1 Ne4 33. fxg5 hxg5 34. Nb2 Nc3 35. c5 Nd5 36. c6 g4 37. Nc4 Kg6 38. Kf2 a4 39. Nb2 Kf5 40. Nc4 Ke4 41. Ne3 Nc7 42. Nxg4 Kd3 43. h4 Ke4 44. Nf6+ Kxe5 45. Nd7+ Kf5 46. Nxb6 a3 47. Nc4 Nxb5 48. Nxa3 Nd6 49. c7 e5 50. Nc4 Nc8 51. Ke3 f6 52. Nd2 Kg4 53. Ne4 f5 54. Nf2+ Kh5 55. Nd3 f4+ 56. gxf4 Kxh4 57. fxe5 Kg5 58. Ke4 Kg6 59. Nc5 Kf7 60. Kd5 Ke7 61. Kc6 1-0

[Event "Barcelona Vila Gracia op 10th"]
[Site "Barcelona"]
[Date "2016.10.28"]
[Round "5.10"]
[White "Bieg Pagel, Clemens"]
[Black "Espuny Vinye, Ramon"]
[Result "0-1"]
[WhiteElo "1883"]
[BlackElo "1998"]
[PlyCount "84"]
[EventDate "2016.09.30"]
[EventType "swiss"]
[EventRounds "9"]
[EventCountry "ESP"]
[SourceTitle "EXT 2024"]
[Source "ChessBase"]
[SourceDate "2023.10.10"]
[SourceVersion "1"]
[SourceVersionDate "2023.10.10"]
[SourceQuality "1"]

1. e4 e6 2. d4 d5 3. Nc3 Nf6 4. Bg5 Bb4 5. e5 h6 6. Bd2 Bxc3 7. bxc3 Ne4 8. Qg4 Kf8 9. h4 c5 10. Rh3 Nc6 11. Bd3 Nxd2 12. Kxd2 c4 13. Be2 b5 14. Rg3 Rg8 15. Nh3 a5 16. a3 Bd7 17. Qf4 b4 18. Bh5 Be8 19. Rf3 bxc3+ 20. Kxc3 Qe7 21. Kd2 Rb8 22. c3 Rb2+ 23. Kc1 Rb3 24. a4 Nd8 25. Qd2 Bc6 26. Nf4 Qd7 27. Qc2 g5 28. Ng6+ Ke8 29. hxg5 hxg5 30. Rb1 Qb7 31. Ra1 fxg6 32. Bxg6+ Ke7 33. Rh3 Rg7 34. Rh8 Nf7 35. Rh5 Rxg6 36. Qxg6 Rxc3+ 37. Kd1 Rd3+ 38. Kc1 Rc3+ 39. Kd1 Bxa4+ 40. Rxa4 Qb3+ 41. Ke1 Rc1+ 42. Ke2 Rc2+ 0-1

[Event "Llobregat Garcia Memorial 7th"]
[Site "Llobregat"]
[Date "2016.06.04"]
[Round "9"]
[White "Espuny Vinye, Ramon"]
[Black "Baeza Labat, Josep Miguel"]
[Result "1-0"]
[WhiteElo "1956"]
[BlackElo "2006"]
[PlyCount "75"]
[EventDate "2016.04.09"]
[EventType "swiss"]
[EventRounds "9"]
[EventCountry "ESP"]
[SourceTitle "EXT 2017"]
[Source "ChessBase"]
[SourceDate "2016.10.25"]
[SourceVersion "1"]
[SourceVersionDate "2016.10.25"]
[SourceQuality "1"]

1. c4 e5 2. Nc3 d6 3. g3 f5 4. Bg2 Nf6 5. d4 exd4 6. Qxd4 Nc6 7. Qd2 Be7 8. b3 0-0 9. Nh3 Kh8 10. Bb2 Ne4 11. Nxe4 fxe4 12. 0-0 Bf6 13. Nf4 Bxb2 14. Qxb2 Bf5 15. Nd5 Qd7 16. Rad1 Rae8 17. b4 Bh3 18. b5 Bxg2 19. Kxg2 Ne5 20. Qd4 Rf5 21. a4 Rh5 22. Nf4 Rh6 23. Rh1 g5 24. Nd5 c6 25. Ne3 Qh3+ 26. Kg1 Rf6 27. Rf1 Ref8 28. Qxe4 h5 29. c5 Ng6 30. bxc6 bxc6 31. cxd6 Rxd6 32. Rc1 Rff6 33. Rb1 Qd7 34. Kg2 Nf4+ 35. gxf4 gxf4 36. Rb8+ Kg7 37. Rhb1 Rg6+ 38. Kh1 1-0

[Event "Llobregat Garcia Memorial 7th"]
[Site "Llobregat"]
[Date "2016.05.14"]
[Round "6"]
[White "Espuny Vinye, Ramon"]
[Black "Padilla Peinado, Jose"]
[Result "1-0"]
[WhiteElo "1956"]
[BlackElo "1778"]
[PlyCount "33"]
[EventDate "2016.04.09"]
[EventType "swiss"]
[EventRounds "9"]
[EventCountry "ESP"]
[SourceTitle "EXT 2017"]
[Source "ChessBase"]
[SourceDate "2016.10.25"]
[SourceVersion "1"]
[SourceVersionDate "2016.10.25"]
[SourceQuality "1"]

1. c4 c6 2. Nc3 d5 3. cxd5 cxd5 4. d4 Nf6 5. Bg5 e6 6. e3 Nbd7 7. Rc1 h6 8. Bh4 Qa5 9. Bd3 Bb4 10. Nge2 Qxa2 11. Qc2 Qa5 12. 0-0 a6 13. Ra1 Qd8 14. e4 dxe4 15. Nxe4 Be7 16. Bg3 Nxe4 17. Bc7 1-0

[Event "Cornella de Llobregat Vallve Pinol 3rd"]
[Site "Cornella de Llobregat"]
[Date "2015.09.28"]
[Round "2.2"]
[White "Espuny Vinye, Ramon"]
[Black "Munoz Pantoja, Miguel Angel"]
[Result "0-1"]
[WhiteElo "2072"]
[BlackElo "2508"]
[PlyCount "94"]
[EventDate "2015.09.21"]
[EventType "swiss"]
[EventRounds "9"]
[EventCountry "ESP"]
[SourceTitle "EXT 2024"]
[Source "ChessBase"]
[SourceDate "2023.10.10"]
[SourceVersion "1"]
[SourceVersionDate "2023.10.10"]
[SourceQuality "1"]

1. c4 c5 2. Nc3 Nc6 3. g3 g6 4. Bg2 Bg7 5. Nf3 e6 6. 0-0 Nge7 7. Rb1 d5 8. d3 0-0 9. Bg5 h6 10. Bxe7 Nxe7 11. cxd5 exd5 12. d4 cxd4 13. Nxd4 Qb6 14. e3 Bxd4 15. Qxd4 Qxd4 16. exd4 Be6 17. Rbc1 Rac8 18. Ne2 g5 19. Rc3 Rxc3 20. Nxc3 Rc8 21. f4 Rc4 22. fxg5 hxg5 23. Rd1 Kg7 24. Rd2 a6 25. Kf2 b5 26. a3 b4 27. axb4 Rxb4 28. Bf3 f5 29. Na2 Rb6 30. Nc3 Kf6 31. Na4 Rb4 32. Nc3 a5 33. Na2 Rb8 34. Nc3 Bf7 35. Na4 Ke6 36. Nc5+ Kd6 37. b3 Nc6 38. Ke3 Nxd4 39. Kxd4 Rb4+ 40. Kc3 Kxc5 41. Rd3 d4+ 42. Kc2 g4 43. Bg2 Bg6 44. Rd1 f4+ 45. Kb2 f3 46. Bf1 Bf7 47. Rc1+ Kd6 0-1

[Event "L'Hospitalet de Llobregat op 6th"]
[Site "L'Hospitalet de Llobregat"]
[Date "2015.05.23"]
[Round "6.3"]
[White "Marina de la Torre, Ivan"]
[Black "Espuny Vinye, Ramon"]
[Result "1-0"]
[WhiteElo "2128"]
[BlackElo "2074"]
[PlyCount "73"]
[EventDate "2015.04.11"]
[EventType "swiss"]
[EventRounds "8"]
[EventCountry "ESP"]
[SourceTitle "EXT 2024"]
[Source "ChessBase"]
[SourceDate "2023.10.10"]
[SourceVersion "1"]
[SourceVersionDate "2023.10.10"]
[SourceQuality "1"]

1. d4 e6 2. c4 Nf6 3. Nf3 d5 4. Bg5 Be7 5. e3 0-0 6. Nc3 h6 7. Bh4 b6 8. Be2 Bb7 9. Bxf6 Bxf6 10. cxd5 exd5 11. b4 a5 12. b5 Qd6 13. Qb3 Nd7 14. 0-0 Rfe8 15. Rfd1 Be7 16. Ne1 Nf6 17. Nd3 g5 18. Ne5 Qe6 19. Bf3 Bd6 20. Nc6 Bxc6 21. bxc6 Rad8 22. g3 g4 23. Bxd5 Nxd5 24. Qxd5 Qg6 25. Qc4 h5 26. e4 Rxe4 27. Nxe4 Qxe4 28. Re1 Qf5 29. Qe2 Qg5 30. Qe3 Qf6 31. Rad1 h4 32. Qe4 Qg5 33. Re2 hxg3 34. fxg3 f5 35. Qd5+ Kg7 36. Rf1 Bc5 37. Qe5+ 1-0

[Event "L'Hospitalet de Llobregat op 6th"]
[Site "L'Hospitalet de Llobregat"]
[Date "2015.05.09"]
[Round "4.5"]
[White "Muntane Rodrigo, Josep Maria"]
[Black "Espuny Vinye, Ramon"]
[Result "1/2-1/2"]
[WhiteElo "2126"]
[BlackElo "2074"]
[PlyCount "24"]
[EventDate "2015.04.11"]
[EventType "swiss"]
[EventRounds "8"]
[EventCountry "ESP"]
[SourceTitle "EXT 2024"]
[Source "ChessBase"]
[SourceDate "2023.10.10"]
[SourceVersion "1"]
[SourceVersionDate "2023.10.10"]
[SourceQuality "1"]

1. d4 Nf6 2. c4 e6 3. a3 d5 4. Nc3 Be7 5. Nf3 0-0 6. Bf4 c6 7. h3 Nbd7 8. e3 dxc4 9. Bxc4 Nb6 10. Bd3 Nbd5 11. Bg5 Nxc3 12. bxc3 c5 1/2-1/2

[Event "Barcelona Vila Gracia op 8th"]
[Site "Barcelona"]
[Date "2014.10.03"]
[Round "2.2"]
[White "Gomez Jurado, Luis Alberto"]
[Black "Espuny Vinye, Ramon"]
[Result "1-0"]
[WhiteElo "2383"]
[BlackElo "2069"]
[PlyCount "45"]
[EventDate "2014.09.26"]
[EventType "swiss"]
[EventRounds "9"]
[EventCountry "ESP"]
[SourceTitle "EXT 2024"]
[Source "ChessBase"]
[SourceDate "2023.10.10"]
[SourceVersion "1"]
[SourceVersionDate "2023.10.10"]
[SourceQuality "1"]

1. c4 Nf6 2. g3 e5 3. Bg2 c6 4. d4 exd4 5. Qxd4 d5 6. cxd5 cxd5 7. Be3 Nc6 8. Qa4 Bb4+ 9. Bd2 Qb6 10. Nf3 Bc5 11. 0-0 Ne4 12. Nc3 Nxc3 13. Bxc3 0-0 14. Rad1 Be6 15. e3 Rad8 16. Qh4 Be7 17. Qh5 h6 18. Nd4 Rfe8 19. e4 dxe4 20. Nxe6 fxe6 21. Bxe4 e5 22. Rd7 Bf6 23. Qf7+ 1-0

[Event "Hospitalet op 4th"]
[Site "Hospitalet"]
[Date "2013.05.25"]
[Round "8"]
[White "Espuny Vinye, Ramon"]
[Black "Bota Carbo, Jordi"]
[Result "1-0"]
[WhiteElo "1993"]
[BlackElo "1679"]
[PlyCount "69"]
[EventDate "2013.04.06"]
[EventType "swiss"]
[EventRounds "8"]
[EventCountry "ESP"]
[SourceTitle "EXT 2014"]
[Source "ChessBase"]
[SourceDate "2013.11.20"]
[SourceVersion "1"]
[SourceVersionDate "2013.11.20"]
[SourceQuality "1"]

1. c4 e5 2. Nc3 Nf6 3. g3 Be7 4. Nf3 d6 5. d4 exd4 6. Nxd4 0-0 7. Bg2 Na6 8. 0-0 Nc5 9. b4 Na6 10. b5 Nc5 11. Nb3 Nxb3 12. axb3 Qd7 13. Qd4 c5 14. Qd3 Ng4 15. Nd5 Bd8 16. Bb2 f6 17. f4 Re8 18. h3 Nh6 19. e4 Nf7 20. Rfd1 Kh8 21. Qc3 h6 22. Kh2 a5 23. b6 Ra6 24. g4 Rxb6 25. Nxb6 Bxb6 26. Qg3 Bc7 27. Bc3 b6 28. Bf3 Ng5 29. fxg5 d5 30. e5 d4 31. Kg2 fxe5 32. Be4 hxg5 33. Bd2 Bd8 34. Qf3 Qe7 35. Rf1 1-0